The Ultimate Koenigsegg Quiz - Statistics

General Stats
  • This quiz has been taken 303 times
    286 since last reset
  • The average score is 12 of 21
Answer Stats
PRODUCTION YEARS MODEL % Correct
2011 (still in production) Agera
96%
1998-01 (concept, built in 2001) CC
96%
2006-10 CCX
91%
2012 (still in production) Agera R
90%
2015 (still in production) Regera
85%
2007-10 CCXR
84%
2015 (still in production) Agera RS
82%
2014 (limited edition, 6 units) One:1
81%
2004-06 CCR
72%
2013 (still in production) Agera S
68%
2002-05 CC8S
62%
2007 (race car) CCGT
61%
2009 (limited edition, 3 units) Trevita
45%
2007-08 CCXR Edition
32%
2010 (limited edition, 2 units) CCXR Special Edition
32%
2013 (one-off) Agera X
28%
2006-10 CCX Edition
28%
2009 (concept) Quant
27%
2013 (one-off) Hundra
10%
2013 (one-off) Agera R Zijin
8%
2012 (one-off) Agera R BLT
7%
No matching quizzes found
Score Distribution
Percent of People with Each Score
Percentile by Number Answered
Your Score History
You have not taken this quiz since the last reset